[Event "Rottach Egern Seniors Cup 11th"]
[Site "Rottach Egern"]
[Date "2023.04.17"]
[Round "3"]
[White "Kuempers, Ulrich"]
[Black "Luetkemeyer, Arnd"]
[Result "1/2-1/2"]
[WhiteElo "2008"]
[BlackElo "1797"]
[PlyCount "99"]
[EventDate "2023.04.15"]
[EventType "swiss"]
[EventRounds "9"]
[EventCountry "GER"]
[SourceTitle "EXT 2024"]
[Source "ChessBase"]
[SourceDate "2023.10.10"]
[SourceVersion "1"]
[SourceVersionDate "2023.10.10"]
[SourceQuality "1"]

1. d4 Nf6 2. c4 g6 3. Nc3 d5 4. Bf4 Bg7 5. e3 0-0 6. Qb3 dxc4 7. Bxc4 Nc6 8. Be2 e5 9. dxe5 Ng4 10. Nf3 Ngxe5 11. Nxe5 Bxe5 12. Rd1 Qe7 13. Nd5 Qc5 14. Bxe5 Nxe5 15. 0-0 c6 16. Nf6+ Kg7 17. Ne4 Qe7 18. Qc3 f5 19. Nd6 Qf6 20. e4 f4 21. f3 b5 22. Rd2 Be6 23. Rfd1 Rab8 24. Qa5 Kg8 25. b3 Qg7 26. Qb4 Qc7 27. Qd4 Qb6 28. Kf2 Qxd4+ 29. Rxd4 Rf6 30. Ke1 Kf8 31. Kf2 a6 32. g3 Ke7 33. gxf4 Rxf4 34. Kg3 g5 35. Nf5+ Bxf5 36. exf5 Rxf5 37. Re4 Rd8 38. Re1 Kf6 39. Re3 h5 40. h4 gxh4+ 41. Kxh4 Ng6+ 42. Kg3 Nf4 43. Bf1 h4+ 44. Kh2 Rd2+ 45. Kh1 Rxa2 46. Re8 Nd5 47. Bd3 Rg5 48. R8e6+ Kf7 49. Rxc6 Rgg2 50. Rc5 1/2-1/2

[Event "Bezirksliga Oberbayern 1819"]
[Site "Bayern"]
[Date "2018.11.25"]
[Round "3.1"]
[White "Frank, Emanuel"]
[Black "Luetkemeyer, Arnd"]
[Result "1-0"]
[WhiteElo "2286"]
[BlackElo "1939"]
[PlyCount "79"]
[EventDate "2018.10.21"]
[EventType "team-tourn"]
[EventRounds "9"]
[EventCountry "GER"]
[SourceTitle "EXT 2022"]
[Source "ChessBase"]
[SourceDate "2021.10.06"]
[SourceVersion "1"]
[SourceVersionDate "2021.10.06"]
[SourceQuality "1"]
[WhiteTeam "Freilassing"]
[BlackTeam "Germering II"]
[WhiteTeamCountry "GER"]
[BlackTeamCountry "GER"]

1. d4 Nf6 2. c4 g6 3. Nc3 d5 4. cxd5 Nxd5 5. e4 Nxc3 6. bxc3 Bg7 7. Nf3 c5 8. Be3 Bg4 9. Rc1 Nc6 10. d5 Na5 11. Be2 b6 12. 0-0 0-0 13. Qc2 Qc7 14. c4 Bxf3 15. Bxf3 Qe5 16. g3 Qb2 17. Qxb2 Bxb2 18. Rc2 Bg7 19. Bg2 e5 20. dxe6 fxe6 21. e5 Rad8 22. f4 Rd3 23. Re1 Rfd8 24. Kf2 Rd1 25. Rxd1 Rxd1 26. Ke2 Rd7 27. g4 Bh6 28. f5 Bxe3 29. fxe6 Rd4 30. Kxe3 Kf8 31. Bd5 Rxg4 32. Rf2+ Ke8 33. Rf4 Rg1 34. Rf7 Rc1 35. Kd3 a6 36. Rxh7 b5 37. Be4 Rd1+ 38. Kc2 Rg1 39. Rg7 Nxc4 40. Bxg6+ 1-0

[Event "Regensburg Donau Cup"]
[Site "Regensburg"]
[Date "2017.05.25"]
[Round "3"]
[White "Luetkemeyer, Arnd"]
[Black "Burkhardt, Holger"]
[Result "1-0"]
[WhiteElo "1844"]
[BlackElo "2015"]
[PlyCount "85"]
[EventDate "2017.05.24"]
[EventType "swiss"]
[EventRounds "7"]
[EventCountry "GER"]
[SourceTitle "CBM 178 Extra"]
[Source "ChessBase"]
[SourceDate "2017.06.22"]
[SourceVersion "1"]
[SourceVersionDate "2017.06.22"]
[SourceQuality "1"]

1. e4 Nc6 2. Nc3 e6 3. d4 d5 4. e5 Qe7 5. Nf3 Bd7 6. Bb5 0-0-0 7. Bxc6 Bxc6 8. 0-0 f6 9. Re1 Qf7 10. Ne2 Re8 11. a4 h5 12. Bd2 Ne7 13. b4 Ng6 14. b5 Bd7 15. c4 dxc4 16. Qc2 Kb8 17. Nf4 Nxf4 18. Bxf4 g5 19. Bd2 g4 20. Nh4 f5 21. Bg5 Rg8 22. Bf6 Be7 23. Bxe7 Qxe7 24. g3 c6 25. b6 a6 26. Ng2 c5 27. Qxc4 cxd4 28. Nf4 h4 29. Red1 hxg3 30. fxg3 Bc6 31. Rxd4 Qg7 32. Qc5 Rh8 33. Rad1 Rc8 34. Qd6+ Ka8 35. Nxe6 Qh7 36. R1d2 f4 37. Nc7+ Kb8 38. Nxa6+ Ka8 39. Nc7+ Kb8 40. Rxf4 Qb1+ 41. Rf1 Qxb6+ 42. Qd4 Kxc7 43. Rf7+ 1-0